000 00579nam a22002177a 4500
003 OSt
005 20170105103441.0
008 120424t xxu||||| |||| 00| 0 eng d
020 _a 0781782155
040 _cASAB
050 _a612.015 ,HAR
082 _2
100 _aRichard A Harvey
_9119
245 _a Lippincott's Illustrated Reviews
_cRichard A Harvey
250 _a2nd ed
260 _aNew Delhi
_bLippincott Williams & Wilkins
300 _a438
440 _aLippincott's Illustrated Reviews Microbiology
_9120
650 _aMicrobiology
_9121
942 _2lcc
_cBK
999 _c16464
_d16464